ha-Musiḳah : (Record no. 32226)

MARC details
000 -LEADER
fixed length control field 00609cam a22002171 4500
001 - CONTROL NUMBER
control field he 67000507
003 - CONTROL NUMBER IDENTIFIER
control field DLC
005 - DATE AND TIME OF LATEST TRANSACTION
control field 20260227111444.0
008 - FIXED-LENGTH DATA ELEMENTS--GENERAL INFORMATION
fixed length control field 840424s1966 is 000 0 heb
010 ## - LIBRARY OF CONGRESS CONTROL NUMBER
LC control number he 67000507
035 ## - SYSTEM CONTROL NUMBER
System control number (OCoLC)19139896
040 ## - CATALOGING SOURCE
Original cataloging agency DLC
Transcribing agency MH
Modifying agency DLC
042 ## - AUTHENTICATION CODE
Authentication code premarc
050 00 - LIBRARY OF CONGRESS CALL NUMBER
Classification number ML162
Item number .S65
100 2# - MAIN ENTRY--PERSONAL NAME
Personal name Smoira-Roll, Michal.
245 13 - TITLE STATEMENT
Title ha-Musiḳah :
Remainder of title mavo hisṭori.
260 ## - PUBLICATION, DISTRIBUTION, ETC.
Place of publication, distribution, etc. [Tel Aviv] :
Name of publisher, distributor, etc. Tarbut ṿe-ḥinukh
Date of publication, distribution, etc. [1966]
300 ## - PHYSICAL DESCRIPTION
Extent 328 p. :
Other physical details ill., facsims., music ;
Dimensions 22 cm.
650 #0 - SUBJECT ADDED ENTRY--TOPICAL TERM
Topical term or geographic name entry element Music
Chronological subdivision To 500
General subdivision History and criticism.
752 ## - ADDED ENTRY--HIERARCHICAL PLACE NAME
Country or larger entity Israel
City Tel Aviv

No items available.

Powered by Koha